000 01595cam a2200241 4500500
005 20251228073529.0
041 _afre
042 _adc
100 1 0 _aAubert, Jacques
_eauthor
245 0 0 _aLacan et l'insistance de la lettre
260 _c2013.
500 _a91
520 _aLire Joyce, c’est le prendre au pied de la lettre, et le prendre, même, au pied du rébus, au pied des choses, in medias res. Une telle lecture en acte, un tel acte de lecture crée donc tout d’un coup un effet qui ouvre comme un temps logique de lecture, définissant un entour de la lettre en termes de silence. Joyce réussit à introduire justement cet espace autour de la lettre, l’entourant d’une indécision, aux limites du hors-sens.
520 _aLacan and the insistency of the letterReading Joyce implies taking him literally, if not even in terms of rebus, in medias res so to speak. Such an active reading as an act in the full sense of the word, creates a new temporality in the reading process, in which the letter stands out against a background of silence. Joyce thus manages to open up around the letter a space of sorts, bordering on meaninglessness.
690 _ajouissance opaque
690 _ala lettre comme inséparable du blanc
690 _asuspens silencieux
690 _ajouissance opaque
690 _aletter and blank as inseparable
690 _asilent suspense
786 0 _nSavoirs et clinique | 16 | 1 | 2013-02-01 | p. 125-132 | 1634-3298
856 4 1 _uhttps://shs.cairn.info/revue-savoirs-et-cliniques-2013-1-page-125?lang=fr&redirect-ssocas=7080
999 _c1595401
_d1595401